=LDR 00000nam 2200000 4500 =001 INLIS000000000048295 =005 20210211093024 =035 ##$$a 0010-101600000000053 =008 210211################g##########0#ind## =082 ##$$a 306.095.982 =100 1#$$a Noorsena, Bambang =245 1#$$a Menyosong Sang Ratu Adil : $b Perjumpaan iman Kristen dan sejawen /$c Bambang Noorsena =260 ##$$a Yogyakarta :$b Andi,$c 2003 =300 ##$$a vii; 357 hlm, ; $c 14 x 22 cm =850 ##$$a nbpnmat =084 ##$$a 306.095.982 NOO m =250 ##$$a cet. 1 =650 #4$$a Kebudayaan Jawa =990 ##$$a 00084677